000 00478nam a2200193Ia 4500
005 20240913125823.0
008 240913s9999||||xx |||||||||||||| ||und||
041 _aENGLISH
082 _A616.075 Q8
100 _aGlynn, Michael
245 0 _aHutchisons Clinical Methods
250 _a24th
260 _c2018
_bEls
_aJapan
500 _aREFERENCE
650 _aPerfusion Technology
_bAllied Health Science
700 _a Drake, Wiliam M
942 _cREF
999 _c246336
_d246336